Score 0/7 Timer 03:00
0 Plays Today
Question Answer Wrong Answers
This famous Tchaikovsky ballet receives its premiere at the Bolshoi Theatre in Moscow.
1877
Swan Lake
93%
Giselle
1.4%
A Midsummer’s Night Dream
2.5%
Cinderella
1.7%
This famous front man of the American band Nirvana is born.
1967
Kurt Cobain
92.6%
Eddie Vedder
1.7%
Chris Cornell
0.8%
Dave Grohl
1.7%
This country launches its Mir spacecraft. Remaining in orbit for 15 years, it had remained almost continuously occupied for 9 years.
1986
Soviet Union
90.1%
China
2.6%
United States
2.3%
Japan
1.6%
This American actor, director, and diplomat, known for starring in ‘Guess Who's Coming to Dinner,’ is born.
1927
Sidney Poitier
73.7%
Jimmy Stewart
9.8%
John Wayne
4.3%
Cary Grant
9.8%
The Postal Service Act, establishing the United States Post Office Department, is signed by US President George Washington. This department is the predecessor to what?
1792
United States Postal Service
71.6%
United Parcel Service
3.4%
Federal Express
3%
The Pony Express
21.6%
While aboard Friendship 7, ______ becomes the first American to orbit the earth, making three orbits in 4 hours and 55 minutes.
1962
John Glenn
66.3%
Alan Shepard
19.9%
Neil Armstrong
3.9%
Buzz Aldrin
7.2%
At just 9 years of age, he is crowned King of England at Westminster Abbey.
1547
Edward VI
47.6%
Henry VIII
21.7%
James I
15.6%
Richard II
15.1%
Remove Ads.
Support Sporcle.
Get the best of Sporcle when you Go Orange. This ad-free experience offers more features, more stats, and more fun while also helping to support Sporcle. Thank you for becoming a member.

You're not logged in!

Compare scores with friends on all Sporcle quizzes.
OR
Log In

Show Comments

Extras

Top Quizzes Today


Score Distribution

Your Account Isn't Verified!

In order to create a playlist on Sporcle, you need to verify the email address you used during registration. Go to your Sporcle Settings to finish the process.

Report this User

Report this user for behavior that violates our Community Guidelines.

Details: